000 00974nam a22002417a 4500
999 _c21392
_d21392
003 AR-CdUCM
008 190410b ||||| |||| 00| 0 spa d
020 _a9788415552208
040 _aMUNICIPALIDAD PROVINCIAL DEL CUSCO
_cBIBLIOTECA MUNICIPAL DEL CUSCO
082 _a519.51/N49
_bN49
_2Octava
100 _aNewbold, Paul
_944615
245 _aEstadística para administración y economía /
260 _aMadrid ;
_bPearson,
_c2013.
300 _a878 Páginas. :
_c21x27 cm.
505 _aContenido: La utilización de gráficos para describir datos -- La utilización de medidas numéricas para describir datos -- El azar métodos de probabilidad -- Distribuciones de probabilidades discretas, continua, estadísticas muestrales ...
650 _aEstadística
_95668
650 _aNegocios
_9825
650 _aAdministración y finanzas
_944608
700 _aCarlson, William L
_944616
700 _aThorne, Betty M
_944617
942 _2ddc
_cLIBROS
945 _aRoel